Statistics for Biggest cities in Italy • A-Z

Click here to take the quiz!

General Stats

  • This quiz has been taken 181 times
  • The average score is 12 of 18

Answer Stats

#~popItalian City% Correct
M1,352,000Milan
99%
R2,973,000Rome
98%
N970,000Naples
96%
T887,000Turin
96%
V262,000Venice
94%
F384,000Florence
93%
B388,000Bologna
92%
P674,000Palermo
91%
G584,000Genoa
88%
C313,000Catania
70%
A101,000Ancona
54%
U99,000Udine
51%
S135,000Salerno
44%
L159,000Livorno
43%
I70,000Imola
35%
O60,000Olbia
17%
E53,000Ercolano
10%
Q71,000Quartu'Sant Helena
5%

Score Distribution

Percentile by Number Answered

Percent of People with Each Score

Your Score History

You have not taken this quiz